User-centered design stories : Real-world UCD case files
Intended for both the student and the practitioner, this is the first user-centered design casebook. It follows the Harvard Case study method, where the reader is placed in the role of the decision-maker in a real-life professional situation. In this book, the reader is asked to perform analysis of...
Đã lưu trong:
| Định dạng: | Sách |
|---|---|
| Ngôn ngữ: | Undetermined |
| Được phát hành: |
Amsterdam
Elsevier
2007
|
| Những chủ đề: | |
| Các nhãn: |
Thêm thẻ
Không có thẻ, Là người đầu tiên thẻ bản ghi này!
|
| Thư viện lưu trữ: | Trung tâm Học liệu Trường Đại học Cần Thơ |
|---|
| LEADER | 01096nam a2200217Ia 4500 | ||
|---|---|---|---|
| 001 | CTU_151645 | ||
| 008 | 210402s9999 xx 000 0 und d | ||
| 020 | |c 1190360 | ||
| 082 | |a 658.5038 | ||
| 082 | |b U84 | ||
| 245 | 0 | |a User-centered design stories : | |
| 245 | 0 | |b Real-world UCD case files | |
| 245 | 0 | |c edited by Carol Righi , Janice James | |
| 260 | |a Amsterdam | ||
| 260 | |b Elsevier | ||
| 260 | |c 2007 | ||
| 520 | |a Intended for both the student and the practitioner, this is the first user-centered design casebook. It follows the Harvard Case study method, where the reader is placed in the role of the decision-maker in a real-life professional situation. In this book, the reader is asked to perform analysis of dozens of UCD work situations and propose solutions for the problem set... | ||
| 650 | |a New products,Customer relations, User interfaces (Computer systems),Sản phẩm mới,Mối quan hệ khách hàng,Giao diện người dùng | ||
| 650 | |x Management,Quản lý | ||
| 904 | |i Chuyen | ||
| 980 | |a Trung tâm Học liệu Trường Đại học Cần Thơ | ||